| 000 | 00697cam a2200253 4500 | ||
|---|---|---|---|
| 001 | M1622 | ||
| 008 | 090401t xxu||||| |||| 00| 0 eng d | ||
| 035 | _a(Sirsi) u33369 | ||
| 041 | _aeng | ||
| 050 | _a622.1076 | ||
| 090 | _aRICS 1994/61ABCD | ||
| 110 |
_aRoyal Institution of Chartered Surveyors _94900 |
||
| 245 | _aRules and guide to the test of professional competence: minerals. | ||
| 260 |
_aLondon _bRICS _c1994? |
||
| 300 | _a16p. : 30cm. | ||
| 350 | _a0 | ||
| 520 | _aReprint of 3rd edition. | ||
| 650 | _aMINERALS DIVISION | ||
| 650 | _aMINERALS SURVEYING | ||
| 650 | _aTEST OF PROFESSIONAL COMPETENCE | ||
| 690 | _aMINING AND MINERALS | ||
| 942 | _n0 | ||
| 948 | _c04/03/1997 | ||
| 999 |
_c89796 _d89796 |
||